Tribal migration and women empowerment / (Record no. 85076)

MARC details
000 -LEADER
fixed length control field 00594nam a22001937a 4500
005 - DATE AND TIME OF LATEST TRANSACTION
control field 20140613124110.0
010 ## - LCCN (DPL NO)
LC control number ENG-110206
020 ## - INTERNATIONAL STANDARD BOOK NUMBER
International Standard Book Number 9788180181368
Terms of availability 575.00
035 ## - SYSTEM CONTROL NUMBER
System control number EN-93738
037 ## - SOURCE OF ACQUISITION
Source of stock number/acquisition DBAD/PUB
082 ## - DEWEY DECIMAL CLASSIFICATION NUMBER
Classification number 301.32954
100 ## - MAIN ENTRY--PERSONAL NAME
Personal name Jain, P.C.
245 ## - TITLE STATEMENT
Title Tribal migration and women empowerment /
Statement of responsibility, etc by P.C. Jain
Remainder of title
260 ## - PUBLICATION, DISTRIBUTION, ETC. (IMPRINT)
Place of publication, distribution, etc Jaipur
Name of publisher, distributor, etc National Publishing House
Date of publication, distribution, etc 2014
270 ## - ADDRESS
Address 337, Chaura Rasta
City Jaipur
Postal code 302003
300 ## - PHYSICAL DESCRIPTION
Extent ix,178p.
Dimensions 22cm(Hb)
500 ## - GENERAL NOTE
General note Includes bibliographical references and indexes
942 ## - ADDED ENTRY ELEMENTS (KOHA)
Source of classification or shelving scheme Dewey Decimal Classification
Item type English Books
Call number suffix JAI
Classification part 301.32954
Holdings
Withdrawn status Lost status Not for loan Collection code Home library Current library Date acquired Source of acquisition Cost, normal purchase price Full call number Barcode Copy number Cost, replacement price Koha item type
    Not For Loan Non-fiction D.B.Act.Division D.B.Act.Division 12/06/2014 ENG-110206 575.00 301.32954 JAI EN-93738 1 575.00 English Books

© Delhi Public Library
Hit Counter
free hit counter